[Event "Avoine op 34th"]
[Site "Avoine"]
[Date "2019.07.20"]
[Round "2"]
[White "Mauffrey, Hugues"]
[Black "Hingouet, Matthieu"]
[Result "0-1"]
[WhiteElo "1944"]
[BlackElo "2245"]
[PlyCount "56"]
[EventDate "2019.07.20"]
[EventType "swiss"]
[EventRounds "9"]
[EventCountry "FRA"]
[SourceTitle "EXT 2020"]
[Source "ChessBase"]
[SourceDate "2019.10.17"]
[SourceVersion "1"]
[SourceVersionDate "2019.10.17"]
[SourceQuality "1"]

1. e4 c6 2. d4 d5 3. Nc3 dxe4 4. Nxe4 Nf6 5. Nxf6+ exf6 6. c3 Bd6 7. Bd3 0-0 8. Ne2 Re8 9. 0-0 Nd7 10. Ng3 Nf8 11. f4 Qc7 12. f5 Bxg3 13. hxg3 c5 14. Qg4 cxd4 15. Bh6 Ng6 16. cxd4 gxh6 17. Rac1 Qe7 18. Rfe1 Qd8 19. Red1 Bd7 20. Rc5 b6 21. Rd5 Qe7 22. Bb5 Bxb5 23. fxg6 Qe2 24. gxh7+ Kh8 25. Qxe2 Bxe2 26. Rc1 Bg4 27. Rc7 Rac8 28. Rxa7 Rc1+ 0-1

[Event "Avoine op 33rd"]
[Site "Avoine"]
[Date "2018.07.21"]
[Round "1"]
[White "Mauffrey, Hugues"]
[Black "Daeschler, Florian"]
[Result "0-1"]
[WhiteElo "1876"]
[BlackElo "2228"]
[PlyCount "50"]
[EventDate "2018.07.21"]
[EventType "swiss"]
[EventRounds "9"]
[EventCountry "FRA"]
[SourceTitle "CBM 185 Extra"]
[Source "ChessBase"]
[SourceDate "2018.07.29"]
[SourceVersion "1"]
[SourceVersionDate "2018.07.29"]
[SourceQuality "1"]

1. e4 e5 2. Nf3 Nc6 3. d4 exd4 4. Nxd4 Nf6 5. Nxc6 bxc6 6. e5 Qe7 7. Qe2 Nd5 8. c4 Nb6 9. b3 a5 10. g3 a4 11. Ba3 Qe6 12. Bxf8 Rxf8 13. b4 Kd8 14. Nd2 Ba6 15. Rc1 Re8 16. f4 f6 17. b5 cxb5 18. Bg2 c6 19. 0-0 Nxc4 20. Ne4 fxe5 21. f5 Qh6 22. Rce1 d5 23. Qd3 Kc7 24. Nc5 Bc8 25. Rf2 Qd6 0-1

[Event "Sautron op 17th"]
[Site "Sautron"]
[Date "2017.10.22"]
[Round "2.8"]
[White "Mauffrey, Hugues"]
[Black "Stephan, Victor"]
[Result "0-1"]
[WhiteElo "1889"]
[BlackElo "2329"]
[PlyCount "94"]
[EventDate "2017.10.22"]
[EventType "swiss"]
[EventRounds "9"]
[EventCountry "FRA"]
[SourceTitle "CBM 181 Extra"]
[Source "ChessBase"]
[SourceDate "2017.12.12"]
[SourceVersion "1"]
[SourceVersionDate "2017.12.12"]
[SourceQuality "1"]

1. e4 c5 2. Nf3 d6 3. d4 cxd4 4. Nxd4 Nf6 5. Nc3 a6 6. Be3 e6 7. g4 e5 8. Nf5 h5 9. Nd5 Nxd5 10. Qxd5 Nc6 11. 0-0-0 Be6 12. Nxd6+ Bxd6 13. Qxd6 Qa5 14. Be2 Qxa2 15. Bb6 Qa1+ 16. Kd2 Qa4 17. gxh5 Qxe4 18. Bd3 Qf4+ 19. Be3 Qb4+ 20. Qxb4 Nxb4 21. Be2 0-0 22. h6 Rfd8+ 23. Kc1 Bf5 24. Rxd8+ Rxd8 25. Rd1 Rxd1+ 26. Bxd1 g6 27. Bc5 Nd5 28. c4 Nf4 29. Bc2 Bxc2 30. Kxc2 Ne6 31. Bb6 Kh7 32. Kd3 f5 33. Be3 g5 34. b4 e4+ 35. Kc2 Kxh6 36. h4 f4 37. hxg5+ Kxg5 38. Bb6 Kg4 39. b5 axb5 40. cxb5 Kf3 41. Kc3 Ng5 42. Kc4 Nh3 43. Kd5 Nxf2 44. Kd6 Nd1 45. Ba5 Nb2 46. Kc7 Na4 47. Kxb7 Ke2 0-1

[Event "Avoine op 32nd"]
[Site "Avoine"]
[Date "2017.07.23"]
[Round "2"]
[White "Degardin, Sylvain"]
[Black "Mauffrey, Hugues"]
[Result "1-0"]
[WhiteElo "2149"]
[BlackElo "1923"]
[PlyCount "69"]
[EventDate "2017.07.22"]
[EventType "swiss"]
[EventRounds "9"]
[EventCountry "FRA"]
[SourceTitle "CBM 179 Extra"]
[Source "ChessBase"]
[SourceDate "2017.08.23"]
[SourceVersion "1"]
[SourceVersionDate "2017.08.23"]
[SourceQuality "1"]

1. e4 c5 2. Nf3 Nc6 3. d4 cxd4 4. Nxd4 Nf6 5. Nc3 e5 6. Ndb5 d6 7. Bg5 a6 8. Na3 b5 9. Nd5 Be7 10. Bxf6 Bxf6 11. c4 Bg5 12. Nc2 0-0 13. cxb5 Ne7 14. Nce3 Bxe3 15. Nxe3 axb5 16. b4 Qb6 17. Be2 Be6 18. a3 Rfc8 19. 0-0 Rc3 20. a4 bxa4 21. Rxa4 Rac8 22. Ra6 Qxb4 23. Rxd6 Nc6 24. Nd5 Bxd5 25. Qxd5 Rc5 26. Qd3 Nd4 27. Bg4 Rb8 28. Rd7 Rc3 29. Qd2 g6 30. Qg5 Rc5 31. h4 h5 32. Bxh5 Ne6 33. Qf6 Rf8 34. Bxg6 Rc6 35. Bxf7+ 1-0

[Event "Sautron op 15th"]
[Site "Sautron"]
[Date "2015.10.23"]
[Round "1.20"]
[White "Delorme, Alban"]
[Black "Mauffrey, Hugues"]
[Result "1-0"]
[WhiteElo "2303"]
[BlackElo "1921"]
[PlyCount "85"]
[EventDate "2015.10.24"]
[EventType "swiss"]
[EventRounds "9"]
[EventCountry "FRA"]
[SourceTitle "EXT 2019"]
[Source "ChessBase"]
[SourceDate "2018.10.10"]
[SourceVersion "1"]
[SourceVersionDate "2018.10.10"]
[SourceQuality "1"]

1. d4 Nf6 2. Nf3 g6 3. Nbd2 Bg7 4. e4 d6 5. Bd3 0-0 6. 0-0 e5 7. c3 exd4 8. cxd4 c5 9. Nb3 cxd4 10. Nbxd4 Nc6 11. Nxc6 bxc6 12. Qc2 c5 13. Bg5 Qb6 14. Nd2 Ba6 15. Bxa6 Qxa6 16. Nc4 h6 17. Bh4 Rfe8 18. Rfe1 g5 19. Bg3 d5 20. Nd6 Re6 21. e5 Nd7 22. Qf5 Nxe5 23. Bxe5 Rxd6 24. Bxd6 Qxd6 25. Rad1 d4 26. b3 Rd8 27. Rc1 Bf8 28. h4 Qf4 29. Qxf4 gxf4 30. Re5 a5 31. Rc4 Kg7 32. Kf1 Kf6 33. Re1 Kg6 34. Ke2 Re8+ 35. Kd1 Rd8 36. Ra4 Ra8 37. Kc2 Kh5 38. Re5+ Kxh4 39. Rf5 Bd6 40. Rf6 Be5 41. Rxh6+ Kg5 42. Rc6 f6 43. Rxc5 1-0

[Event "Dieppe op 11th"]
[Site "Dieppe"]
[Date "2015.08.24"]
[Round "3.2"]
[White "Mauffrey, Hugues"]
[Black "Moussard, Jules"]
[Result "0-1"]
[WhiteElo "1869"]
[BlackElo "2487"]
[PlyCount "85"]
[EventDate "2015.08.22"]
[EventType "swiss"]
[EventRounds "9"]
[EventCountry "FRA"]
[SourceTitle "EXT 2019"]
[Source "ChessBase"]
[SourceDate "2018.10.10"]
[SourceVersion "1"]
[SourceVersionDate "2018.10.10"]
[SourceQuality "1"]

1. e4 Nc6 2. Nf3 e5 3. d4 exd4 4. Nxd4 Bb4+ 5. c3 Be7 6. Be3 Nf6 7. Nd2 0-0 8. Be2 Re8 9. 0-0 d6 10. f4 Bf8 11. Bf3 Bd7 12. Qe2 g6 13. Rae1 Bg7 14. g4 h6 15. Qg2 Qc8 16. Nxc6 Bxc6 17. Bd4 Nh7 18. Bxg7 Kxg7 19. h4 Qe6 20. a3 Qf6 21. Qg3 g5 22. e5 Qxf4 23. Qxf4 gxf4 24. Bxc6 bxc6 25. Rxf4 dxe5 26. Rf5 Rad8 27. Ne4 a5 28. Ref1 Re7 29. Kg2 Rd3 30. R1f3 Rxf3 31. Kxf3 f6 32. Ke2 Re8 33. b4 Ra8 34. g5 hxg5 35. hxg5 Kg6 36. Rf1 f5 37. Nc5 axb4 38. axb4 Nxg5 39. Rg1 Ra2+ 40. Kd3 e4+ 41. Ke3 Kh5 42. Nb3 f4+ 43. Kd4 0-1

[Event "Sautron op 14th"]
[Site "Sautron"]
[Date "2014.10.26"]
[Round "6"]
[White "Delorme, Alban"]
[Black "Mauffrey, Hugues"]
[Result "1-0"]
[WhiteElo "2317"]
[BlackElo "1867"]
[PlyCount "73"]
[EventDate "2014.10.26"]
[EventType "swiss"]
[EventRounds "9"]
[EventCountry "FRA"]
[SourceTitle "EXT 2016"]
[Source "ChessBase"]
[SourceDate "2015.10.08"]
[SourceVersion "1"]
[SourceVersionDate "2015.10.08"]
[SourceQuality "1"]

1. e4 c5 2. Nf3 Nc6 3. d4 cxd4 4. Nxd4 Nf6 5. Nc3 e5 6. Ndb5 d6 7. Bg5 a6 8. Na3 b5 9. Bxf6 gxf6 10. Nd5 Bg7 11. c3 f5 12. Bd3 Ne7 13. Nxe7 Qxe7 14. exf5 e4 15. Be2 0-0 16. Nc2 Bxf5 17. 0-0 Be6 18. a4 Qg5 19. f4 Qc5+ 20. Kh1 f5 21. Qd2 Rab8 22. Nb4 Ra8 23. Rfd1 d5 24. Nc2 d4 25. cxd4 Qb6 26. Qb4 Rac8 27. Ne3 Rfd8 28. axb5 axb5 29. Bxb5 Rxd4 30. Qe7 Bb3 31. Rxd4 Qxd4 32. Nxf5 Qxb2 33. Re1 Qf6 34. Qxe4 Rd8 35. Bd3 Bf8 36. Nd4 Qg6 37. f5 1-0

[Event "Sautron op 14th"]
[Site "Sautron"]
[Date "2014.10.25"]
[Round "5"]
[White "Mauffrey, Hugues"]
[Black "Ider, Borya"]
[Result "0-1"]
[WhiteElo "1867"]
[BlackElo "2394"]
[PlyCount "89"]
[EventDate "2014.10.26"]
[EventType "swiss"]
[EventRounds "9"]
[EventCountry "FRA"]
[SourceTitle "EXT 2015"]
[Source "ChessBase"]
[SourceDate "2014.11.20"]
[SourceVersion "1"]
[SourceVersionDate "2014.11.20"]
[SourceQuality "1"]

1. e4 e6 2. d4 d5 3. Nc3 Bb4 4. e5 c5 5. Bd2 Ne7 6. Nb5 Bxd2+ 7. Qxd2 0-0 8. c3 Nbc6 9. f4 a6 10. Nd6 f6 11. Nf3 Ng6 12. Bd3 fxe5 13. Bxg6 cxd4 14. Bf7+ Rxf7 15. Nxf7 Kxf7 16. Nxe5+ Nxe5 17. fxe5 dxc3 18. Qf4+ Kg8 19. 0-0 Qe8 20. bxc3 Bd7 21. Qb4 Bb5 22. Rf4 Qh5 23. Qd6 Re8 24. a4 Bd3 25. Re1 h6 26. Qd7 b5 27. g4 Qg6 28. Re3 Be4 29. axb5 axb5 30. Qxb5 Ra8 31. Qe2 Qg5 32. Rexe4 dxe4 33. Qxe4 Ra5 34. Qb4 Ra1+ 35. Kg2 Qxe5 36. Rf8+ Kh7 37. Rf4 Ra2+ 38. Kg3 Qe3+ 39. Rf3 Qg1+ 40. Kf4 Qxh2+ 41. Ke4 Qe2+ 42. Re3 Qxg4+ 43. Ke5 Qg5+ 44. Ke4 Qf5+ 45. Kd4 0-1

[Event "Agneaux St Lo op 16th"]
[Site "Agneaux"]
[Date "2014.07.07"]
[Round "2"]
[White "Nuta, Dan"]
[Black "Mauffrey, Hugues"]
[Result "1-0"]
[WhiteElo "2150"]
[BlackElo "1929"]
[PlyCount "99"]
[EventDate "2014.07.06"]
[EventType "swiss"]
[EventRounds "9"]
[EventCountry "FRA"]
[SourceTitle "EXT 2015"]
[Source "ChessBase"]
[SourceDate "2014.11.20"]
[SourceVersion "1"]
[SourceVersionDate "2014.11.20"]
[SourceQuality "1"]

1. e4 c5 2. Nc3 Nc6 3. f4 e6 4. Nf3 Nge7 5. g3 g6 6. e5 Nf5 7. Ne4 Be7 8. Bg2 0-0 9. 0-0 d5 10. exd6 Nxd6 11. d3 c4 12. Nxd6 Qxd6 13. dxc4 Qc5+ 14. Kh1 Qxc4 15. b3 Qc3 16. Rb1 Rd8 17. Bb2 Rxd1 18. Bxc3 Rxf1+ 19. Rxf1 Nb4 20. Bxb4 Bxb4 21. Rd1 Be7 22. Ne5 f6 23. Nc4 Kf7 24. Nd6+ Bxd6 25. Rxd6 Ke7 26. Rd2 Rb8 27. c4 Bd7 28. Kg1 Bc6 29. Kf2 Bxg2 30. Kxg2 Rd8 31. Rxd8 Kxd8 32. Kf3 Kd7 33. Ke4 Kd6 34. b4 b6 35. g4 h6 36. h4 a6 37. g5 hxg5 38. hxg5 f5+ 39. Kd4 a5 40. c5+ bxc5+ 41. bxc5+ Kc6 42. Ke5 Kxc5 43. Kxe6 Kb4 44. Kf6 Ka3 45. Kxg6 Kxa2 46. Kxf5 a4 47. g6 a3 48. g7 Kb1 49. g8Q a2 50. Qxa2+ 1-0

[Event "Rohde op 12th"]
[Site "Sautron"]
[Date "2012.11.??"]
[Round "2"]
[White "Mauffrey, Hugues"]
[Black "Piasetski, Leon David"]
[Result "0-1"]
[WhiteElo "1913"]
[BlackElo "2298"]
[PlyCount "68"]
[EventDate "2012.10.27"]
[EventType "swiss"]
[EventRounds "9"]
[EventCountry "FRA"]
[SourceTitle "EXT 2014"]
[Source "ChessBase"]
[SourceDate "2013.11.20"]
[SourceVersion "1"]
[SourceVersionDate "2013.11.20"]
[SourceQuality "1"]

1. e4 c5 2. Nf3 e6 3. d4 cxd4 4. Nxd4 a6 5. Nc3 b5 6. Bd3 Bc5 7. Nb3 Be7 8. 0-0 Nc6 9. Be3 Nf6 10. f4 d6 11. Qe2 Qc7 12. Rad1 h5 13. f5 Ne5 14. fxe6 fxe6 15. Nd4 Nfg4 16. h3 Nxe3 17. Qxe3 Qc5 18. Rfe1 Bg5 19. Qf2 Rf8 20. Nf3 Qxf2+ 21. Kxf2 Bh4+ 22. Ke2 Bxe1 23. Nxe1 Bd7 24. Nf3 Ke7 25. Nxe5 dxe5 26. Ke3 Rac8 27. a3 Rf6 28. Rf1 Rcf8 29. Rxf6 gxf6 30. Be2 h4 31. Nb1 Rg8 32. Kf2 a5 33. c4 Rb8 34. c5 b4 0-1

[Event "Rohde op 12th"]
[Site "Sautron"]
[Date "2012.11.??"]
[Round "1"]
[White "Navrotescu, Andreea Cristiana"]
[Black "Mauffrey, Hugues"]
[Result "1-0"]
[WhiteElo "2133"]
[BlackElo "1913"]
[PlyCount "69"]
[EventDate "2012.10.27"]
[EventType "swiss"]
[EventRounds "9"]
[EventCountry "FRA"]
[SourceTitle "EXT 2014"]
[Source "ChessBase"]
[SourceDate "2013.11.20"]
[SourceVersion "1"]
[SourceVersionDate "2013.11.20"]
[SourceQuality "1"]

1. d4 Nf6 2. Nf3 g6 3. c4 Bg7 4. Nc3 0-0 5. e4 d6 6. Be2 e5 7. 0-0 Nc6 8. d5 Ne7 9. b4 Ne8 10. c5 f5 11. Nd2 Nf6 12. f3 f4 13. Nc4 g5 14. a4 Ng6 15. Ba3 Rf7 16. b5 dxc5 17. Bxc5 Bf8 18. Bf2 h5 19. a5 g4 20. b6 Bb4 21. Qb3 Qf8 22. d6 Bxc3 23. Qxc3 cxd6 24. Rfd1 Be6 25. Nxd6 Rd7 26. Nb5 Rxd1+ 27. Rxd1 axb6 28. Nc7 Rc8 29. axb6 h4 30. Bc5 Qh6 31. Nxe6 h3 32. Rd8+ Rxd8 33. Nxd8 g3 34. Qc4+ Kg7 35. Qf7+ 1-0

[Event "Avoine op 27th"]
[Site "Avoine"]
[Date "2012.07.26"]
[Round "6"]
[White "Lebret, Jean Michel"]
[Black "Mauffrey, Hugues"]
[Result "0-1"]
[WhiteElo "2101"]
[BlackElo "1906"]
[PlyCount "56"]
[EventDate "2012.07.21"]
[EventType "swiss"]
[EventRounds "9"]
[EventCountry "FRA"]
[SourceTitle "CBM 149 Extra"]
[Source "ChessBase"]
[SourceDate "2012.08.24"]
[SourceVersion "1"]
[SourceVersionDate "2012.08.24"]
[SourceQuality "1"]

1. e4 c5 2. Nc3 Nc6 3. g3 g6 4. Bg2 Bg7 5. d3 e6 6. Be3 d6 7. Qd2 Bd7 8. f4 Nge7 9. Nge2 Qa5 10. 0-0 0-0 11. d4 cxd4 12. Nxd4 d5 13. f5 exf5 14. Nxc6 Nxc6 15. exd5 Ne5 16. Bd4 Rac8 17. b4 Qxb4 18. Rab1 Qxd4+ 19. Qxd4 Nf3+ 20. Bxf3 Bxd4+ 21. Kg2 Rxc3 22. Rxb7 Rxc2+ 23. Kh3 Rd8 24. Re1 f4+ 25. g4 h5 26. Re7 hxg4+ 27. Bxg4 Rc3+ 28. Kh4 Bf6# 0-1

[Event "Avoine op 25th"]
[Site "Avoine"]
[Date "2010.07.19"]
[Round "3"]
[White "Mauffrey, Hugues"]
[Black "Heurtebize, Christophe"]
[Result "0-1"]
[WhiteElo "1911"]
[BlackElo "2057"]
[PlyCount "78"]
[EventDate "2010.07.17"]
[EventType "swiss"]
[EventRounds "9"]
[EventCountry "FRA"]
[SourceTitle "EXT 2011"]
[Source "ChessBase"]
[SourceDate "2010.11.26"]
[SourceVersion "1"]
[SourceVersionDate "2010.11.26"]
[SourceQuality "1"]

1. d4 d5 2. e4 dxe4 3. Nc3 Nf6 4. f3 exf3 5. Nxf3 Bg4 6. h3 Bh5 7. g4 Bg6 8. Bg2 c6 9. Ne5 e6 10. Bg5 Qa5 11. 0-0 Nbd7 12. Qe2 Nxe5 13. dxe5 Bc5+ 14. Kh1 Nd5 15. Ne4 Bxe4 16. Qxe4 Be7 17. Bf4 Nxf4 18. Qxf4 0-0 19. g5 Rad8 20. a3 Qd2 21. h4 Qxc2 22. Rf2 Qd3 23. Be4 Qh3+ 24. Rh2 Qb3 25. Bc2 Qd5+ 26. Be4 Qd4 27. Re1 Qb6 28. h5 Qa5 29. Rf1 Qb5 30. Re1 c5 31. Bxh7+ Kxh7 32. g6+ Kg8 33. Qg4 Rd4 34. gxf7+ Rxf7 35. Qg6 Qc6+ 36. Kg1 Qf3 37. Rg2 Qf5 38. h6 Qxg6 39. Rxg6 Kh7 0-1

[Event "Avoine op 20th"]
[Site "Avoine"]
[Date "2005.07.25"]
[Round "3"]
[White "Delinotte, Mathieu"]
[Black "Mauffrey, Hugues"]
[Result "0-1"]
[WhiteElo "1810"]
[BlackElo "2008"]
[PlyCount "42"]
[EventDate "2005.07.23"]
[EventType "swiss"]
[EventRounds "9"]
[EventCountry "FRA"]
[SourceTitle "EXT 2007"]
[Source "ChessBase"]
[SourceDate "2006.11.23"]
[SourceVersion "1"]
[SourceVersionDate "2006.11.23"]
[SourceQuality "1"]

1. e4 c5 2. Nf3 Nc6 3. d4 cxd4 4. Nxd4 Nf6 5. Nc3 e5 6. Ndb5 d6 7. Bg5 a6 8. Na3 b5 9. Bxf6 gxf6 10. Nd5 f5 11. Bd3 Be6 12. Nxb5 axb5 13. Bxb5 Rc8 14. Nb4 Qa5 15. Bxc6+ Rxc6 16. c3 Rc8 17. exf5 Bc4 18. b3 Bb5 19. a4 Rxc3 20. axb5 Qxb4 21. Ra8+ Rc8+ 0-1